[Event "17. Obert Pobla de Lillet 2007"]
[Site "La Pobla de Lillet ESP"]
[Date "2007.08.08"]
[Round "7.5"]
[White "Matnadze, Ana"]
[Black "Tarrago Antoni, Maurici"]
[Result "1/2-1/2"]
[WhiteElo "2409"]
[BlackElo "2222"]
[PlyCount "52"]
[EventDate "2007.08.02"]
[EventType "swiss"]
[EventRounds "9"]
[EventCountry "ESP"]
[SourceTitle "Ajedrez en Madrid"]
[Source "lmi"]
[SourceDate "2007.08.02"]
[SourceVersion "1"]
[SourceVersionDate "2020.06.30"]
[SourceQuality "1"]

1. d4 d5 2. Nf3 Nf6 3. g3 e6 4. Bg2 Nc6 5. c4 dxc4 6. O-O Rb8 7. a4 a6 8. Nc3
Be7 9. e4 O-O 10. Bf4 b5 11. axb5 axb5 12. d5 exd5 13. exd5 Nb4 14. Nd4 Bb7 15.
Nf5 Nd3 16. Bg5 Nxd5 17. Nxe7+ Nxe7 18. Bxb7 Rxb7 19. Qf3 c6 20. Bxe7 Qxe7 21.
Qxc6 Qd7 22. Qxd7 Rxd7 23. Nxb5 h6 24. Rfd1 Rb8 25. Na3 Rdb7 26. Nxc4 Nxb2
1/2-1/2

[Event "17. Obert Pobla de Lillet 2007"]
[Site "La Pobla de Lillet ESP"]
[Date "2007.08.08"]
[Round "7.6"]
[White "Escofet Llongueras, Joan"]
[Black "Asis Gargatagli, Hipolit"]
[Result "0-1"]
[WhiteElo "1881"]
[BlackElo "2374"]
[PlyCount "48"]
[EventDate "2007.08.02"]
[EventType "swiss"]
[EventRounds "9"]
[EventCountry "ESP"]
[SourceTitle "Ajedrez en Madrid"]
[Source "lmi"]
[SourceDate "2007.08.02"]
[SourceVersion "1"]
[SourceVersionDate "2020.06.30"]
[SourceQuality "1"]

1. c4 g6 2. Nc3 Bg7 3. g3 d6 4. Bg2 f5 5. d4 Nf6 6. Nf3 O-O 7. O-O Nc6 8. d5
Ne5 9. Nxe5 dxe5 10. e4 f4 11. gxf4 exf4 12. e5 Ng4 13. e6 Ne5 14. Ne4 f3 15.
Bh3 Nxc4 16. Ng5 Nb6 17. Nf7 Qxd5 18. Qxd5 Nxd5 19. Rd1 c6 20. Nh6+ Kh8 21. Rb1
Rf6 22. Re1 Bxh6 23. Bxh6 g5 24. Bxg5 Rg6 0-1

[Event "17. Obert Pobla de Lillet 2007"]
[Site "La Pobla de Lillet ESP"]
[Date "2007.08.08"]
[Round "7.7"]
[White "Codina Feixes, Josep"]
[Black "Ayza Ballester, Jordi"]
[Result "0-1"]
[WhiteElo "2211"]
[BlackElo "2254"]
[PlyCount "100"]
[EventDate "2007.08.02"]
[EventType "swiss"]
[EventRounds "9"]
[EventCountry "ESP"]
[SourceTitle "Ajedrez en Madrid"]
[Source "lmi"]
[SourceDate "2007.08.02"]
[SourceVersion "1"]
[SourceVersionDate "2020.06.30"]
[SourceQuality "1"]

1. d4 d5 2. c4 dxc4 3. Nf3 Nf6 4. e3 Bg4 5. Bxc4 e6 6. O-O Bd6 7. Nc3 Nbd7 8.
e4 e5 9. d5 O-O 10. Bg5 h6 11. Bh4 g5 12. Bg3 Nh5 13. Be2 Qe7 14. h3 Nxg3 15.
fxg3 Bh5 16. Nd2 Bg6 17. Bg4 Nf6 18. Bf5 Nh5 19. Qf3 Kg7 20. Kh2 Bxf5 21. Qxf5
Kg8 22. Nc4 Ng7 23. Qf6 Qxf6 24. Rxf6 Ne8 25. Rf3 f6 26. Raf1 Kf7 27. Nd1 Ke7
28. Nde3 h5 29. Nf5+ Kd7 30. Rb3 b6 31. Rc3 Bc5 32. a3 a5 33. Nfe3 Bd4 34. Rc2
b5 35. Nf5 bxc4 36. Nxd4 exd4 37. Rxc4 Rb8 38. Rxd4 Rxb2 39. Rc4 Nd6 40. Rc5
Nxe4 41. Rxa5 Rd2 42. Rc1 Rb8 43. Ra7 Rbb2 44. Rcxc7+ Kd6 45. Rd7+ Ke5 46. Re7+
Kf5 47. g4+ Kf4 48. Ra4 Rxg2+ 49. Kh1 Kg3 50. Raxe4 Rh2+ 0-1

[Event "17. Obert Pobla de Lillet 2007"]
[Site "La Pobla de Lillet ESP"]
[Date "2007.08.08"]
[Round "7.8"]
[White "Reynes Gonzalez, Miguel"]
[Black "Simon Padros, Emili"]
[Result "0-1"]
[WhiteElo "1949"]
[BlackElo "2221"]
[PlyCount "68"]
[EventDate "2007.08.02"]
[EventType "swiss"]
[EventRounds "9"]
[EventCountry "ESP"]
[SourceTitle "Ajedrez en Madrid"]
[Source "lmi"]
[SourceDate "2007.08.02"]
[SourceVersion "1"]
[SourceVersionDate "2020.06.30"]
[SourceQuality "1"]

1. e4 e6 2. d4 d5 3. exd5 exd5 4. Nc3 Nf6 5. Bd3 Nc6 6. Nge2 Nb4 7. Bb5+ c6 8.
Ba4 Be7 9. O-O a5 10. Bb3 O-O 11. a4 Re8 12. Ng3 Bg4 13. f3 Bd7 14. Be3 Bd6 15.
Bf2 h5 16. Re1 Qc7 17. Nce2 h4 18. Nf1 h3 19. g4 Nh7 20. c3 Ng5 21. Neg3 Na6
22. Bc2 g6 23. Qd3 Qd8 24. Ne2 Qf6 25. Nd2 Re7 26. Rf1 Rae8 27. Rae1 Nc7 28.
Ng3 Bf4 29. Rxe7 Rxe7 30. Bd1 Bxd2 31. Qxd2 Nxf3+ 32. Bxf3 Qxf3 33. Be1 Qxg4
34. Rf4 Rxe1+ 0-1

[Event "17. Obert Pobla de Lillet 2007"]
[Site "La Pobla de Lillet ESP"]
[Date "2007.08.08"]
[Round "7.9"]
[White "Capellades Subirana, Marc"]
[Black "Dominguez Carmona, Miguel"]
[Result "1/2-1/2"]
[WhiteElo "2112"]
[BlackElo "2055"]
[PlyCount "151"]
[EventDate "2007.08.02"]
[EventType "swiss"]
[EventRounds "9"]
[EventCountry "ESP"]
[SourceTitle "Ajedrez en Madrid"]
[Source "lmi"]
[SourceDate "2007.08.02"]
[SourceVersion "1"]
[SourceVersionDate "2020.06.30"]
[SourceQuality "1"]

1. e4 c5 2. Nf3 e6 3. d4 cxd4 4. Nxd4 a6 5. g3 Nf6 6. Bg2 Qc7 7. O-O Nc6 8.
Nxc6 dxc6 9. Be3 e5 10. f3 Be6 11. Nc3 Be7 12. Kh1 O-O 13. Qe2 Rad8 14. b3 Nd7
15. f4 f5 16. Bh3 Rf6 17. exf5 Bxf5 18. Bxf5 Rxf5 19. fxe5 Rxf1+ 20. Rxf1 Qxe5
21. Qc4+ Kh8 22. Bd4 b5 23. Bxe5 bxc4 24. Bc7 Rf8 25. Rxf8+ Nxf8 26. bxc4 Ne6
27. Be5 Kg8 28. Ne4 Kf7 29. Kg2 Nc5 30. Nxc5 Bxc5 31. Kf3 g6 32. Ke4 Ke6 33.
Bd4 Bd6 34. Be3 Be7 35. g4 Bf6 36. Bd4 Be7 37. Bc3 Bc5 38. h3 Bd6 39. Kf3 Bc5
40. Kf4 Be7 41. Bb2 Bd8 42. Ba3 Bf6 43. Ke3 Bg5+ 44. Kd3 Bf6 45. Bc5 Be5 46.
Bd4 Bc7 47. Kc3 Bd6 48. Kb3 Kd7 49. Ka4 Kc8 50. Bc3 Be7 51. Bb4 Bd8 52. Bf8 Bb6
53. Kb4 Kd7 54. Bh6 Bd8 55. Kc5 Bc7 56. Bg5 Ba5 57. Bf4 Bd8 58. Bb8 Ba5 59. Ba7
Bd8 60. Kb4 Bc7 61. Bd4 Bd8 62. Bc3 Bb6 63. Ka4 Kc8 64. Ba5 Bc5 65. Bb4 Bb6 66.
c5 Bd8 67. Ba5 Be7 68. Bb6 Bh4 69. Ka5 Kb7 70. Kb4 Kc8 71. Kc4 Kd7 72. Kd4 Ke6
73. Ke4 Be7 74. Kd4 Bf6+ 75. Kc4 Kd7 76. Kd3 1/2-1/2

[Event "17. Obert Pobla de Lillet 2007"]
[Site "La Pobla de Lillet ESP"]
[Date "2007.08.08"]
[Round "7.10"]
[White "Garcia Miracle, Joan Josep"]
[Black "Kwossek, Georg"]
[Result "1-0"]
[WhiteElo "2082"]
[BlackElo "2029"]
[PlyCount "83"]
[EventDate "2007.08.02"]
[EventType "swiss"]
[EventRounds "9"]
[EventCountry "ESP"]
[SourceTitle "Ajedrez en Madrid"]
[Source "lmi"]
[SourceDate "2007.08.02"]
[SourceVersion "1"]
[SourceVersionDate "2020.06.30"]
[SourceQuality "1"]

1. d4 Nf6 2. Bg5 d5 3. Bxf6 exf6 4. g3 Be7 5. Bg2 O-O 6. e3 c6 7. Ne2 Qb6 8. b3
Bf5 9. Nd2 Qa6 10. a4 Qa5 11. O-O Na6 12. c3 Nc7 13. Re1 Rfe8 14. b4 Qa6 15.
Nf4 Ne6 16. Nxe6 fxe6 17. e4 Bg6 18. a5 b5 19. axb6 Qxb6 20. exd5 exd5 21. Nb3
Bf8 22. Qd2 Qb5 23. Na5 Be4 24. Bh3 Bd6 25. Bd7 Rec8 26. Bxc8 Rxc8 27. Qe2 Qb8
28. Qh5 Qc7 29. Nb3 Qd7 30. Nc5 Bxc5 31. dxc5 Bg6 32. Qe2 Re8 33. Qf1 Rxe1 34.
Rxe1 Bf5 35. Qe2 Kf7 36. Ra1 Be4 37. f3 Bf5 38. Kf2 Kg6 39. Re1 d4 40. g4 dxc3
41. gxf5+ Qxf5 42. Qe4 1-0

[Event "17. Obert Pobla de Lillet 2007"]
[Site "La Pobla de Lillet ESP"]
[Date "2007.08.08"]
[Round "7.17"]
[White "Garcia Galeote, Lorenzo"]
[Black "Moya Arau, Carles"]
[Result "1-0"]
[WhiteElo "2062"]
[BlackElo "1843"]
[PlyCount "85"]
[EventDate "2007.08.02"]
[EventType "swiss"]
[EventRounds "9"]
[EventCountry "ESP"]
[SourceTitle "Ajedrez en Madrid"]
[Source "lmi"]
[SourceDate "2007.08.02"]
[SourceVersion "1"]
[SourceVersionDate "2020.06.30"]
[SourceQuality "1"]

1. d4 d5 2. Nf3 Nf6 3. Bf4 Bf5 4. e3 e6 5. c4 c6 6. Qb3 Qb6 7. c5 Qxb3 8. axb3
Nbd7 9. Nc3 Be7 10. b4 a6 11. b5 cxb5 12. Nxb5 O-O 13. Nd6 Bxd6 14. Bxd6 Rfe8
15. Nh4 Bg6 16. Nxg6 hxg6 17. Bd3 Ne4 18. Bg3 Nxg3 19. hxg3 a5 20. O-O Rec8 21.
Bb5 Nf6 22. Ra4 Ne4 23. f3 Nxg3 24. Rfa1 b6 25. cxb6 Rab8 26. b7 Rc2 27. Ba6
Ne2+ 28. Kh2 Nc1 29. b4 Nb3 30. R1a3 Nd2 31. Rxa5 Nxf3+ 32. Kg3 Ng5 33. Rc5
Ne4+ 34. Kh2 Nxc5 35. bxc5 Rc1 36. Rb3 Kf8 37. Rb6 Ke7 38. Rc6 Rb1 39. Rc7+ Kf6
40. c6 Rh8+ 41. Kg3 Rh5 42. Be2 Rg5+ 43. Kf2 1-0

[Event "17. Obert Pobla de Lillet 2007"]
[Site "La Pobla de Lillet ESP"]
[Date "2007.08.09"]
[Round "8.3"]
[White "Kogan, Artur"]
[Black "Nikoladze, Sopio"]
[Result "1-0"]
[WhiteElo "2569"]
[BlackElo "2203"]
[PlyCount "53"]
[EventDate "2007.08.02"]
[EventType "swiss"]
[EventRounds "9"]
[EventCountry "ESP"]
[SourceTitle "Ajedrez en Madrid"]
[Source "lmi"]
[SourceDate "2007.08.02"]
[SourceVersion "1"]
[SourceVersionDate "2020.06.30"]
[SourceQuality "1"]

1. e4 c5 2. Nf3 d6 3. d4 cxd4 4. Nxd4 Nf6 5. Nc3 g6 6. Be3 a6 7. Qd2 Bg7 8. f3
Nbd7 9. g4 h5 10. g5 Nh7 11. O-O-O b5 12. Nd5 Bb7 13. Nb3 Rc8 14. h4 Nhf8 15.
Bd4 Ne6 16. Bxg7 Nxg7 17. Bh3 e6 18. Ne3 Ne5 19. Na5 Ba8 20. Qxd6 Qxd6 21. Rxd6
Nxf3 22. Nd5 Bxd5 23. exd5 Rd8 24. Rxa6 O-O 25. Nc6 Nf5 26. Bxf5 exf5 27. Rh3
1-0

[Event "17. Obert Pobla de Lillet 2007"]
[Site "La Pobla de Lillet ESP"]
[Date "2007.08.09"]
[Round "8.6"]
[White "Simon Padros, Emili"]
[Black "Matnadze, Ana"]
[Result "0-1"]
[WhiteElo "2221"]
[BlackElo "2409"]
[PlyCount "60"]
[EventDate "2007.08.02"]
[EventType "swiss"]
[EventRounds "9"]
[EventCountry "ESP"]
[SourceTitle "Ajedrez en Madrid"]
[Source "lmi"]
[SourceDate "2007.08.02"]
[SourceVersion "1"]
[SourceVersionDate "2020.06.30"]
[SourceQuality "1"]

1. e4 c5 2. Nf3 d6 3. d4 cxd4 4. Nxd4 Nf6 5. Nc3 Nc6 6. f3 e5 7. Nb3 Be7 8. Be3
Be6 9. Qe2 O-O 10. O-O-O Na5 11. Nxa5 Qxa5 12. Qb5 Qc7 13. Nd5 Bxd5 14. exd5
Nd7 15. Bd3 f5 16. Kb1 Rac8 17. Qa4 a6 18. g4 e4 19. fxe4 fxg4 20. Bd4 Bf6 21.
c3 Be5 22. Be2 b5 23. Qxa6 Bxd4 24. Rxd4 Ne5 25. Qa3 Rf2 26. Bxb5 Nf3 27. Ra4
Qd8 28. e5 Nxe5 29. Qb4 Rb8 30. Qa5 Rxb2+ 0-1

[Event "17. Obert Pobla de Lillet 2007"]
[Site "La Pobla de Lillet ESP"]
[Date "2007.08.09"]
[Round "8.7"]
[White "Tarrago Antoni, Maurici"]
[Black "Lorca Cortada, David"]
[Result "1/2-1/2"]
[WhiteElo "2222"]
[BlackElo "2071"]
[PlyCount "87"]
[EventDate "2007.08.02"]
[EventType "swiss"]
[EventRounds "9"]
[EventCountry "ESP"]
[SourceTitle "Ajedrez en Madrid"]
[Source "lmi"]
[SourceDate "2007.08.02"]
[SourceVersion "1"]
[SourceVersionDate "2020.06.30"]
[SourceQuality "1"]

1. Nf3 Nf6 2. c4 g6 3. g3 Bg7 4. Bg2 O-O 5. O-O d6 6. d4 c6 7. Nc3 Nbd7 8. h3
e5 9. e4 Qb6 10. dxe5 Nxe5 11. Nxe5 dxe5 12. Be3 Qxb2 13. Na4 Qb4 14. Bc5 Qxc4
15. Bxf8 Bxf8 16. Qb3 Qxb3 17. axb3 Be6 18. Nb6 Rb8 19. Nc4 Bc5 20. Kh2 Bd4 21.
Rac1 Nd7 22. f4 Nc5 23. f5 Bd7 24. Nxe5 Bxe5 25. Rxc5 Re8 26. Rd1 Bc8 27. fxg6
hxg6 28. Rxe5 Rxe5 29. Rd8+ Kg7 30. Rxc8 Rb5 31. Rc7 Rxb3 32. e5 Kf8 33. Bf1
Rb2+ 34. Kg1 Rb4 35. h4 a5 36. h5 gxh5 37. Be2 Re4 38. Bf3 Rxe5 39. Rxb7 Rg5
40. Kg2 h4 41. g4 f5 42. Kh3 fxg4+ 43. Kxh4 Rb5 44. Bxc6 1/2-1/2

[Event "17. Obert Pobla de Lillet 2007"]
[Site "La Pobla de Lillet ESP"]
[Date "2007.08.09"]
[Round "8.8"]
[White "Danelia, Mariam"]
[Black "Codina Feixes, Josep"]
[Result "1-0"]
[WhiteElo "2066"]
[BlackElo "2211"]
[PlyCount "53"]
[EventDate "2007.08.02"]
[EventType "swiss"]
[EventRounds "9"]
[EventCountry "ESP"]
[SourceTitle "Ajedrez en Madrid"]
[Source "lmi"]
[SourceDate "2007.08.02"]
[SourceVersion "1"]
[SourceVersionDate "2020.06.30"]
[SourceQuality "1"]

1. d4 d5 2. c4 e6 3. Nf3 Nf6 4. Nc3 Be7 5. Bg5 h6 6. Bh4 O-O 7. e3 b6 8. Bd3
Bb7 9. O-O Nbd7 10. Bg3 Nh5 11. Be5 Nxe5 12. Nxe5 Nf6 13. f4 dxc4 14. Bxc4 Ne4
15. f5 Nd6 16. fxe6 f6 17. Nf7 Qe8 18. Nxd6 cxd6 19. Qg4 h5 20. Qg3 Kh7 21.
Bd3+ g6 22. Nb5 Rc8 23. Rac1 f5 24. Nxd6 Bxd6 25. Qxd6 Kh6 26. Rxc8 Bxc8 27.
Bb5 1-0

[Event "17. Obert Pobla de Lillet 2007"]
[Site "La Pobla de Lillet ESP"]
[Date "2007.08.09"]
[Round "8.9"]
[White "Capellades Subirana, Marc"]
[Black "Garcia Galeote, Lorenzo"]
[Result "1/2-1/2"]
[WhiteElo "2112"]
[BlackElo "2062"]
[PlyCount "70"]
[EventDate "2007.08.02"]
[EventType "swiss"]
[EventRounds "9"]
[EventCountry "ESP"]
[SourceTitle "Ajedrez en Madrid"]
[Source "lmi"]
[SourceDate "2007.08.02"]
[SourceVersion "1"]
[SourceVersionDate "2020.06.30"]
[SourceQuality "1"]

1. e4 e5 2. Nf3 Nf6 3. Nc3 Bb4 4. a3 Bxc3 5. dxc3 d6 6. Bd3 O-O 7. Bg5 Nbd7 8.
Qe2 Nc5 9. O-O-O Ne6 10. Be3 c6 11. h3 b5 12. g4 Qa5 13. Ng5 Nd7 14. Nxe6 fxe6
15. Rhf1 Qc7 16. f4 exf4 17. Bxf4 e5 18. Be3 Bb7 19. g5 Rxf1 20. Rxf1 Rf8 21.
h4 Rxf1+ 22. Qxf1 Nc5 23. h5 Qf7 24. Qh3 g6 25. h6 Nxd3+ 26. cxd3 c5 27. Bd2 c4
28. Kb1 cxd3 29. Qxd3 Qc4 30. Qxc4+ bxc4 31. Be3 Bxe4+ 32. Kc1 a5 33. Bb6 Kf7
34. Kd2 Ke6 35. Ke3 Bc6 1/2-1/2

[Event "17. Obert Pobla de Lillet 2007"]
[Site "La Pobla de Lillet ESP"]
[Date "2007.08.09"]
[Round "8.10"]
[White "Basas Gamazo, Josep"]
[Black "Roman Bada, Javier"]
[Result "1-0"]
[WhiteElo "2089"]
[BlackElo "2039"]
[PlyCount "104"]
[EventDate "2007.08.02"]
[EventType "swiss"]
[EventRounds "9"]
[EventCountry "ESP"]
[SourceTitle "Ajedrez en Madrid"]
[Source "lmi"]
[SourceDate "2007.08.02"]
[SourceVersion "1"]
[SourceVersionDate "2020.06.30"]
[SourceQuality "1"]

1. e4 c6 2. d4 d5 3. exd5 cxd5 4. c4 Nf6 5. Nc3 e6 6. Nf3 Bb4 7. a3 Be7 8. Bf4
O-O 9. Bd3 Nbd7 10. O-O dxc4 11. Bxc4 Nb6 12. Bd3 Nbd5 13. Be5 Bd6 14. Ne4 Nxe4
15. Bxe4 f6 16. Bxd6 Qxd6 17. Qb3 Bd7 18. Bxd5 Qxd5 19. Qxd5 exd5 20. Rac1 Rac8
21. h3 Kf7 22. Rc5 Ke6 23. Rfc1 b6 24. Rxc8 Rxc8 25. Rxc8 Bxc8 26. Kf1 Kf5 27.
Nd2 Ba6+ 28. Kg1 h5 29. f3 Kf4 30. Kf2 h4 31. Nb1 Bc4 32. b4 b5 33. Nc3 g5 34.
a4 a6 35. axb5 axb5 36. Nd1 Bd3 37. Ne3 Bc4 38. Ng4 Kf5 39. g3 hxg3+ 40. Kxg3
Kg6 41. h4 gxh4+ 42. Kxh4 Kf5 43. Kg3 Be2 44. Ne3+ Ke6 45. Kf4 Bd3 46. Kg3 Be2
47. Kf4 Bd3 48. Ng4 Bg6 49. Ne3 Bd3 50. Kg3 Be2 51. f4 Bd3 52. Kf3 Bf5 1-0

[Event "17. Obert Pobla de Lillet 2007"]
[Site "La Pobla de Lillet ESP"]
[Date "2007.08.10"]
[Round "9.7"]
[White "Nikoladze, Sopio"]
[Black "Basas Gamazo, Josep"]
[Result "1-0"]
[WhiteElo "2203"]
[BlackElo "2089"]
[PlyCount "41"]
[EventDate "2007.08.02"]
[EventType "swiss"]
[EventRounds "9"]
[EventCountry "ESP"]
[SourceTitle "Ajedrez en Madrid"]
[Source "lmi"]
[SourceDate "2007.08.02"]
[SourceVersion "1"]
[SourceVersionDate "2020.06.30"]
[SourceQuality "1"]

1. d4 Nf6 2. Nf3 g6 3. g3 Bg7 4. Bg2 O-O 5. O-O d6 6. c4 Nbd7 7. Nc3 e5 8. h3
c6 9. e4 Re8 10. Re1 Qe7 11. Be3 Nf8 12. Qd2 exd4 13. Nxd4 Ne6 14. Nc2 Nc5 15.
Bd4 Ne6 16. Be3 Nc5 17. Bf1 Rd8 18. Rad1 Ne8 19. e5 Ne6 20. exd6 Qd7 21. c5 1-0

[Event "17. Obert Pobla de Lillet 2007"]
[Site "La Pobla de Lillet ESP"]
[Date "2007.08.10"]
[Round "9.8"]
[White "Lorca Cortada, David"]
[Black "Simon Padros, Emili"]
[Result "1/2-1/2"]
[WhiteElo "2071"]
[BlackElo "2221"]
[PlyCount "51"]
[EventDate "2007.08.02"]
[EventType "swiss"]
[EventRounds "9"]
[EventCountry "ESP"]
[SourceTitle "Ajedrez en Madrid"]
[Source "lmi"]
[SourceDate "2007.08.02"]
[SourceVersion "1"]
[SourceVersionDate "2020.06.30"]
[SourceQuality "1"]

1. e4 e6 2. d4 d5 3. e5 c5 4. c3 Nc6 5. Nf3 Qb6 6. Be2 cxd4 7. cxd4 Nh6 8. Na3
Bxa3 9. bxa3 Nf5 10. Be3 Qa5+ 11. Qd2 Qxa3 12. O-O Nxe3 13. fxe3 Qe7 14. Rf2
O-O 15. Rb1 b6 16. Bd3 Bd7 17. h4 f5 18. exf6 gxf6 19. e4 Kh8 20. exd5 exd5 21.
Re1 Qg7 22. Qf4 Rad8 23. h5 Qg4 24. Qh6 Qg7 25. Qf4 Qg4 26. Qh6 1/2-1/2

[Event "17. Obert Pobla de Lillet 2007"]
[Site "La Pobla de Lillet ESP"]
[Date "2007.08.10"]
[Round "9.9"]
[White "Corriguelas Armillas, Frederic"]
[Black "Capellades Subirana, Marc"]
[Result "0-1"]
[WhiteElo "2022"]
[BlackElo "2112"]
[PlyCount "94"]
[EventDate "2007.08.02"]
[EventType "swiss"]
[EventRounds "9"]
[EventCountry "ESP"]
[SourceTitle "Ajedrez en Madrid"]
[Source "lmi"]
[SourceDate "2007.08.02"]
[SourceVersion "1"]
[SourceVersionDate "2020.06.30"]
[SourceQuality "1"]

1. e4 e5 2. Nf3 Nc6 3. d4 exd4 4. Nxd4 Bc5 5. Be3 Qf6 6. c3 Nge7 7. g3 Nxd4 8.
cxd4 Bb4+ 9. Nc3 Qc6 10. Qc2 O-O 11. Bg2 b6 12. O-O Bxc3 13. bxc3 Bb7 14. f4 f5
15. e5 Qxg2+ 16. Qxg2 Bxg2 17. Kxg2 Nd5 18. Bd2 b5 19. a4 a6 20. a5 Rfe8 21. h3
g6 22. g4 Kf7 23. Kf3 Ke6 24. Rg1 Rf8 25. g5 Rh8 26. h4 Rag8 27. Rh1 h6 28.
Rag1 hxg5 29. hxg5 Kf7 30. Ke2 Kg7 31. Kd3 c6 32. Bc1 Rb8 33. Bd2 Nc7 34. Be3
Ne6 35. Rb1 Rxh1 36. Rxh1 Rh8 37. Rxh8 Kxh8 38. c4 Nc7 39. Kc3 Kg8 40. Kb4 bxc4
41. Kxc4 Nd5 42. Bd2 Kf7 43. Kc5 Ke7 44. Bc1 Kd8 45. Kd6 Nc3 46. e6 Ne4+ 47.
Ke5 d6# 0-1

[Event "17. Obert Pobla de Lillet 2007"]
[Site "La Pobla de Lillet ESP"]
[Date "2007.08.10"]
[Round "9.11"]
[White "Garcia Galeote, Lorenzo"]
[Black "Kwossek, Georg"]
[Result "1/2-1/2"]
[WhiteElo "2062"]
[BlackElo "2029"]
[PlyCount "117"]
[EventDate "2007.08.02"]
[EventType "swiss"]
[EventRounds "9"]
[EventCountry "ESP"]
[SourceTitle "Ajedrez en Madrid"]
[Source "lmi"]
[SourceDate "2007.08.02"]
[SourceVersion "1"]
[SourceVersionDate "2020.06.30"]
[SourceQuality "1"]

1. d4 Nf6 2. c4 e6 3. Nc3 Bb4 4. a3 Bxc3+ 5. bxc3 c5 6. e3 O-O 7. Bd3 d6 8. Ne2
e5 9. e4 Nc6 10. O-O exd4 11. cxd4 Re8 12. dxc5 dxc5 13. Qc2 Bg4 14. Bb2 Bxe2
15. Qxe2 Nd4 16. Qe3 Ng4 17. Qh3 Ne5 18. Rad1 Re6 19. Bc1 Qe7 20. Bf4 Nxd3 21.
Qxd3 Rxe4 22. Bd6 Qh4 23. g3 Rg4 24. Bxc5 Ne6 25. Be3 Qf6 26. Qd7 b6 27. Qb7
Re8 28. Qxa7 Qf3 29. Qd7 Rf8 30. Qd5 Re4 31. Bc1 Qe2 32. Rd3 Re5 33. Qd6 Rd8
34. Qxd8+ Nxd8 35. Rxd8+ Re8 36. Rxe8+ Qxe8 37. Be3 Qc6 38. Rb1 h5 39. h4 Qxc4
40. Rxb6 Qa4 41. Rb8+ Kh7 42. Rb7 Qd1+ 43. Kh2 Qf3 44. Rb4 Qa8 45. Rb5 Qxa3 46.
Rxh5+ Kg8 47. Rg5 f6 48. Rg4 Qd3 49. Rd4 Qf5 50. Rf4 Qh5 51. Kg2 Kf7 52. Rd4
Ke6 53. Re4+ Kd5 54. Re7 g6 55. Ra7 Ke6 56. Ra6+ Kf7 57. Rd6 Qe5 58. Rd7+ Ke6
59. Ra7 1/2-1/2